Efficiency of Chosen Labor Market Programs for Disadvantaged Groups in Slovakia

Napriek rozsiahlemu výskumu programov trhu práce sú k dispozícii obmedzené informácie o účinnosti súčasných schém nezamestnanosti zameraných na znevýhodnených uchádzačov o zamestnanie. Prehľad literatúry ukazuje, že programy trhu práce sú vo všeobecnosti vnímané pozitívne, pričom služby zamestnanost...

Celý popis

Uložené v:
Podrobná bibliografia
Hlavný autor: Pozsonyiová, Natália, 1990-
Médium: Kapitola
Jazyk:English
Predmet:
Tagy: Pridať tag
Žiadne tagy, Buďte prvý, kto otaguje tento záznam!

MARC

LEADER 00000naa$a2200000$$$4500
001 0308719
005 20250530082627.1
041 0 |a eng 
044 |a US 
245 1 0 |a Efficiency of Chosen Labor Market Programs for Disadvantaged Groups in Slovakia  |c Natália Pozsonyiová 
520 |a Napriek rozsiahlemu výskumu programov trhu práce sú k dispozícii obmedzené informácie o účinnosti súčasných schém nezamestnanosti zameraných na znevýhodnených uchádzačov o zamestnanie. Prehľad literatúry ukazuje, že programy trhu práce sú vo všeobecnosti vnímané pozitívne, pričom služby zamestnanosti sa považujú za efektívne z hľadiska ich vplyvu na nezamestnaných alebo nákladovej efektívnosti. Táto štúdia skúma efektivitu programov trhu práce realizovaných v Slovenskej republike v rokoch 2019 až 2023. Cieľom týchto programov bolo buď priamo vytvárať pracovné príležitosti, alebo poskytovať poradenské služby dlhodobo nezamestnaným. Pri analýze boli použité údaje MPSVR a Úradu práce a sociálnych vecí so zameraním na nezamestnaných jednotlivcov, ktorí sa zapojili do programov zameraných na znevýhodnených uchádzačov o zamestnanie. 
610 2 0 |a zamestnanci 
610 2 0 |a zamestnateľnosť 
610 2 0 |a trh práce 
610 2 0 |a úrady práce 
610 2 0 |a nezamestnaní 
100 1 |a Pozsonyiová, Natália, 1990-